| Поле | Название | Значение |
| |
Тип записи |
c |
| |
Библиографический уровень |
m |
| 001 |
Контрольный номер |
RU/УОНБ/EK_N/524077407 |
| 005 |
Дата корректировки |
20251119140918.4 |
| 010 |
Индекс ISBN |
__ |
| 9 |
Тираж |
3750 экз. |
| b |
Уточнения |
в пер. |
| 013 |
Номер (ISMN) |
__ |
| d |
Цена |
1 р. 85 к. |
| 071 |
Издательские номер (звукозапись и ноты) |
21 |
| a |
Номер, присвоенный агентством |
24712 |
| 100 |
Данные общей обработки |
__ |
| a |
Данные общей обработки |
20160809d1964 u y0rusy0189||||ba |
| 101 |
Язык документа |
0_ |
| a |
Язык текста |
rus |
| a |
Язык текста |
fre |
| f |
Язык титульного листа |
rus |
| 102 |
Страна публикации |
__ |
| a |
Страна публикации |
RU |
| 105 |
Кодированные данные (монография) |
__ |
| a |
Кодированные данные (монография) |
y###||||000|y |
| 125 |
Кодированные данные звукозаписи и нотных изданий |
__ |
| a |
Форма изложения нотного текста |
с| |
| 128 |
Кодированные данные (звукозаписи-физические характеристики) |
__ |
| a |
Кодированные данные: Музыкальная форма и тональность или лад |
zz |
| c |
Инструменты или голоса, рекомендуемые для солистов (устаревшее) |
ka|| |
| 200 |
Заглавие и сведения об ответственности |
1_ |
| a |
Заглавие |
Т. 3 |
| 210 |
Выходные данные |
1_ |
| d |
Дата издания |
1964 |
| 215 |
Физическое описание |
__ |
| a |
Объем |
127 с. |
| 327 |
Примечание о содержании |
11 |
| a |
Примечание о содержании |
Содерж. : Прелюдии : 1-я тетр. = Preludes : Premiere Cahier : Дельфийские танцовщицы ; Паруса ; Ветер на равнине ; Звуки и ароматы реют в вечернем воздухе ; Холмы Анакапри ; Шаги на снегу ; То, что видел западный ветер ; Девушка с волосами цвета льна ; Прерванная серенада ; Затонувший собор ; Танец Пёка ; Менестрели. - Прелюдии : 2-я тетр. = Preludes : Deusiems Cahier : Туманы ; Мертвые листья ; Ворота Альгамбры ; Феи - прелестные танцовщицы ; Вереск ; Генерал Лявин, эксцентрик ; Терраса, посещаемая лунным светом ; Ундина ; В знак уважения С. Пиквику экс. П. Ч. П. К. ; Канопа ; Чередующиеся терции ; Фейерверк. |
| 461 |
Уровень набора |
_0 |
| 1 |
|
001RU/УОНБ/EK_N/524063670 |
| 1 |
|
200 |
| a |
|
Собрание сочинений для фортепиано |
| b |
|
Ноты |
| f |
|
Клод Дебюсси |
| g |
|
ред. К. С. Сорокина |
| g |
|
вступ. ст. И. Ф. Бэлзы |
| g |
|
примеч. А. А. Кондратьева |
| v |
|
Т. 3 |
| 1 |
|
210 |
| a |
|
М. |
| c |
|
Музгиз |
| d |
|
1964 - |
| 464 |
Аналитический уровень |
_0 |
| 1 |
|
2001 |
| a |
|
Дельфийские танцовщицы |
| e |
|
прелюдия |
| e |
|
из 1-й тетр. |
| e |
|
Preludes |
| e |
|
Premiere Cahier |
| 464 |
Аналитический уровень |
_0 |
| 1 |
|
2001 |
| a |
|
Туманы |
| e |
|
прелюдия |
| e |
|
из 2-й тетр. |
| e |
|
Preludes |
| e |
|
Deusiems Cahier |
| 464 |
Аналитический уровень |
_0 |
| 1 |
|
2001 |
| a |
|
Паруса |
| e |
|
прелюдия |
| e |
|
из 1-й тетр. |
| e |
|
Preludes |
| e |
|
Premiere Cahier |
| 464 |
Аналитический уровень |
_0 |
| 1 |
|
2001 |
| a |
|
Ветер на равнине |
| e |
|
прелюдия |
| e |
|
из 1-й тетр. |
| e |
|
Preludes |
| e |
|
Premiere Cahier |
| 464 |
Аналитический уровень |
_0 |
| 1 |
|
2001 |
| a |
|
Звуки и ароматы реют в вечернем воздухе |
| e |
|
прелюдия |
| e |
|
из 1-й тетр. |
| e |
|
Preludes |
| e |
|
Premiere Cahier |
| 464 |
Аналитический уровень |
_0 |
| 1 |
|
2001 |
| a |
|
Холмы Анакапри |
| e |
|
прелюдия |
| e |
|
из 1-й тетр. |
| e |
|
Preludes |
| e |
|
Premiere Cahier |
| 464 |
Аналитический уровень |
_0 |
| 1 |
|
2001 |
| a |
|
Шаги на снегу |
| e |
|
прелюдия |
| e |
|
из 1-й тетр. |
| e |
|
Preludes |
| e |
|
Premiere Cahier |
| 464 |
Аналитический уровень |
_0 |
| 1 |
|
2001 |
| a |
|
То, что видел западный ветер |
| e |
|
прелюдия |
| e |
|
из 1-й тетр. |
| e |
|
Preludes |
| e |
|
Premiere Cahier |
| 464 |
Аналитический уровень |
_0 |
| 1 |
|
2001 |
| a |
|
Девушка с волосами цвета льна |
| e |
|
прелюдия |
| e |
|
из 1-й тетр. |
| e |
|
Preludes |
| e |
|
Premiere Cahier |
| 464 |
Аналитический уровень |
_0 |
| 1 |
|
2001 |
| a |
|
Прерванная серенада |
| e |
|
прелюдия |
| e |
|
из 1-й тетр. |
| e |
|
Preludes |
| e |
|
Premiere Cahier |
| 464 |
Аналитический уровень |
_0 |
| 1 |
|
2001 |
| a |
|
Затонувший собор |
| e |
|
прелюдия |
| e |
|
из 1-й тетр. |
| e |
|
Preludes |
| e |
|
Premiere Cahier |
| 464 |
Аналитический уровень |
_0 |
| 1 |
|
2001 |
| a |
|
Танец Пёка |
| e |
|
прелюдия |
| e |
|
из 1-й тетр. |
| e |
|
Preludes |
| e |
|
Premiere Cahier |
| 464 |
Аналитический уровень |
_0 |
| 1 |
|
2001 |
| a |
|
Менестрели |
| e |
|
прелюдия |
| e |
|
из 1-й тетр. |
| e |
|
Preludes |
| e |
|
Premiere Cahier |
| 464 |
Аналитический уровень |
_0 |
| 1 |
|
2001 |
| a |
|
Мертвые листья |
| e |
|
прелюдия |
| e |
|
из 2-й тетр. |
| e |
|
Preludes |
| e |
|
Deusiems Cahier |
| 464 |
Аналитический уровень |
_0 |
| 1 |
|
2001 |
| a |
|
Ворота Альгамбры |
| e |
|
прелюдия |
| e |
|
из 2-й тетр. |
| e |
|
Preludes |
| e |
|
Deusiems Cahier |
| 464 |
Аналитический уровень |
_0 |
| 1 |
|
2001 |
| a |
|
Феи - прелестные танцовщицы |
| e |
|
прелюдия |
| e |
|
из 2-й тетр. |
| e |
|
Preludes |
| e |
|
Deusiems Cahier |
| 464 |
Аналитический уровень |
_0 |
| 1 |
|
2001 |
| a |
|
Вереск |
| e |
|
прелюдия |
| e |
|
из 2-й тетр. |
| e |
|
Preludes |
| e |
|
Deusiems Cahier |
| 464 |
Аналитический уровень |
_0 |
| 1 |
|
2001 |
| a |
|
Генерал Лявин, эксцентрик |
| e |
|
прелюдия |
| e |
|
из 2-й тетр. |
| e |
|
Preludes |
| e |
|
Deusiems Cahier |
| 464 |
Аналитический уровень |
_0 |
| 1 |
|
2001 |
| a |
|
Терраса, посещаемая лунным светом |
| e |
|
прелюдия |
| e |
|
из 2-й тетр. |
| e |
|
Preludes |
| e |
|
Deusiems Cahier |
| 464 |
Аналитический уровень |
_0 |
| 1 |
|
2001 |
| a |
|
Ундина |
| e |
|
прелюдия |
| e |
|
из 2-й тетр. |
| e |
|
Preludes |
| e |
|
Deusiems Cahier |
| 464 |
Аналитический уровень |
_0 |
| 1 |
|
2001 |
| a |
|
В знак уважения С. Пиквику экс. П. Ч. П. К. |
| e |
|
прелюдия |
| e |
|
из 2-й тетр. |
| e |
|
Preludes |
| e |
|
Deusiems Cahier |
| 464 |
Аналитический уровень |
_0 |
| 1 |
|
2001 |
| a |
|
Канопа |
| e |
|
прелюдия |
| e |
|
из 2-й тетр. |
| e |
|
Preludes |
| e |
|
Deusiems Cahier |
| 464 |
Аналитический уровень |
_0 |
| 1 |
|
2001 |
| a |
|
Чередующиеся терции |
| e |
|
прелюдия |
| e |
|
из 2-й тетр. |
| e |
|
Preludes |
| e |
|
Deusiems Cahier |
| 464 |
Аналитический уровень |
_0 |
| 1 |
|
2001 |
| a |
|
Фейерверк |
| e |
|
прелюдия |
| e |
|
из 2-й тетр. |
| e |
|
Preludes |
| e |
|
Deusiems Cahier |
| 512 |
Заглавие обложки |
1_ |
| a |
Заглавие обложки |
Собрание сочинений для фортепиано |
| 606 |
Тематические рубрики |
0_ |
| a |
Основная рубрика |
Фортепианная музыка зарубежная |
| x |
Основная подрубрика |
Сочинения |
| 610 |
Ключевые слова |
0_ |
| a |
Ключевые слова |
фортепианная музыка зарубежная |
| 610 |
Ключевые слова |
0_ |
| a |
Ключевые слова |
сочинения |
| 686 |
Индексы других классификаций |
__ |
| a |
Классификационный индекс |
85.954.2(3)я44 |
| 2 |
Код системы |
rubbk |
| 801 |
Источник записи |
_0 |
| a |
Страна |
RU |
| b |
Организация |
Ульяновская ОНБ |
| c |
Дата составления |
20160809 |
| g |
Правила каталогизации |
RCR |
| 801 |
Источник записи |
_1 |
| a |
Страна |
RU |
| b |
Организация |
Ульяновская ОНБ |
| c |
Дата составления |
20160809 |
| g |
Правила каталогизации |
RCR |
| 901 |
Тип документа |
__ |
| t |
Тип документа |
n |
| w |
Контрольный № источника |
RU/УОНБ/EK_N/524063670 |
| 909 |
Создатель записи |
__ |
| a |
Создатель записи |
Грязнова И. Е. |
| 910 |
Корректоры записи |
__ |
| a |
Корректор записи |
Васина |
| 938 |
Служебная информация |
__ |
| a |
Имя БД |
noti |
| b |
Имя библиотеки |
УОНБ |
| c |
Имя АИБС |
МАРК-SQL |
| d |
Номер DOC_ID в БД |
14960 |